Music Quiz

Random Music or Clickable Quiz

5-Star Singers Quiz Stats

 Plays Quiz not verified by Sporcle

Challenge
Share
Tweet
Embed
Score 0/25 Timer 10:00
0 Plays Today
% Correct
Beat It
95.8%
Thriller
95.8%
Man In The Mirror
94.9%
Smooth Criminal
93.9%
Piano Man
93.9%
Crocodile Rock
93.5%
Goodbye Yellow Brick Road
93.5%
Your Song
90.2%
The Way You Make Me Feel
90.2%
Maggie May
90.2%
We Didn't Start The Fire
90.2%
Uptown Girl
90.2%
Jack & Diane
87.9%
% Correct
I Guess That's Why They Call It The Blues
86%
Forever Young
82.2%
R.O.C.K In The U.S.A
80.4%
Hurts So Good
79.4%
Some Guys Have All The Luck
79%
Philadelphia Freedom
77.6%
The Longest Time
75.2%
Young Turks
71.5%
Pink Houses
71.5%
Cherry Bomb
70.6%
You Wear It Well
70.1%
Vienna
57%

You're not logged in!

Compare scores with friends on all Sporcle quizzes.
Join for Free
OR
Log In

You Might Also Like...

Show Comments

Extras

Created Aug 13, 2016ReportNominate
Tags:Clickable Quiz, 5-star

Top Quizzes Today


Score Distribution

Your Account Isn't Verified!

In order to create a playlist on Sporcle, you need to verify the email address you used during registration. Go to your Sporcle Settings to finish the process.

Report this User

Report this user for behavior that violates our Community Guidelines.

Details: